Catálogo
 En Linea

El cacique Enriquillo : (Registro nro. 58439)

Detalles MARC
000 -CABECERA
campo de control de longitud fija 02003nam a2200313 i 4500
003 - IDENTIFICADOR DEL NÚMERO DE CONTROL
campo de control DO-SdBNP
005 - FECHA Y HORA DE LA ÚLTIMA TRANSACCIÓN
campo de control 20250512103647.0
007 - CAMPO FIJO DE DESCRIPCIÓN FÍSICA--INFORMACIÓN GENERAL
campo de control de longitud fija ta
008 - DATOS DE LONGITUD FIJA--INFORMACIÓN GENERAL
campo de control de longitud fija 250512b2024 dr acbo| |||| 00| 0 spa d
020 ## - NÚMERO INTERNACIONAL ESTÁNDAR DEL LIBRO
Número Internacional Estándar del Libro 9789945800678
040 ## - FUENTE DE LA CATALOGACIÓN
Centro catalogador/agencia de origen DO-SdBNP
Lengua de catalogación spa
Centro/agencia transcriptor BNPHU
Normas de descripción rda
082 ## - NÚMERO DE LA CLASIFICACIÓN DECIMAL DEWEY
Número de clasificación xxxx
Número de documento/Ítem M385
Número de edición 22
100 1# - ENTRADA PRINCIPAL--NOMBRE DE PERSONA
Nombre de persona Martínez de Macarrulla, Lidia
Término indicativo de función/relación autora
Código de función/relación aut.
9 (RLIN) 75079
245 13 - MENCIÓN DE TÍTULO
Título El cacique Enriquillo :
Resto del título un líder indígena para la libertad en América /
Mención de responsabilidad, etc. Lidia Martinez de Macarrulla ; editor, César Sánchez Franco ; foto de portada Javier Benítez,
264 #1 - PRODUCCIÓN, PUBLICACIÓN, DISTRIBUCIÓN, FABRICACIÓN Y COPYRIGHT
Producción, publicación, distribución, fabricación y copyright Santo Domingo :
Nombre del de productor, editor, distribuidor, fabricante FOMCAE,
Fecha de producción, publicación, distribución, fabricación o copyright 2024.
300 ## - DESCRIPCIÓN FÍSICA
Extensión 196 páginas :
Otras características físicas ilustraciones, retratos, mapas, fotografías
Dimensiones 28 cm.
336 ## - TIPO DE CONTENIDO
Término de tipo de contenido texto
Código de tipo de contenido txt
Fuente rdacontent
337 ## - TIPO DE MEDIO
Nombre/término del tipo de medio sin mediación
Código del tipo de medio n
Fuente rdamedia
338 ## - TIPO DE SOPORTE
Nombre/término del tipo de soporte volumen
Código del tipo de soporte nc
Fuente rdacarrier
500 ## - NOTA GENERAL
Nota general Incluye datos biografícos de la autora en la solapa de la portada.
504 ## - NOTA DE BIBLIOGRAFÍA, ETC.
Nota de bibliografía, etc. Bibliografía p: 195-197.
520 ## - SUMARIO, ETC.
Sumario, etc. La investigación llevada a cabo por la señora Lidia Martínez de Macarrulla llega ahora a manos del lector. La labor del historiador exige explorar el pasado y ahondar en las raíces hasta sacar a la luz los hechos. Es una tarea lenta y, en ocasiones, cargada de desaliento, hasta lograr recomponer los fragmentos que han quedado en la oscuridad de archivos y bajo la tierra de diversos lugares excavados con mimo y cuidado. En las páginas de este libro hay muchas horas de búsqueda y trabajo minucioso para presentarnos la figura del cacique Enriquillo, símbolo de libertad y pilar de la identidad del pueblo dominicano. Este es el deseo original del proyecto que la señora Martinez de Macarrulla encabeza desde hace varios años.
590 ## - NOTA LOCAL (RLIN)
Nota local Inventariado, 2025/ YL
700 ## - PUNTO DE ACCESO ADICIONAL--NOMBRE DE PERSONA
Nombre de persona Sánchez Franco, César
Término indicativo de función/relación editor
Código de función/relación ed.
9 (RLIN) 87743
700 ## - PUNTO DE ACCESO ADICIONAL--NOMBRE DE PERSONA
Nombre de persona Benítez, Javier
Término indicativo de función/relación foto de portada
Código de función/relación fot.
9 (RLIN) 87744
710 1# - PUNTO DE ACCESO ADICIONAL--NOMBRE DE ENTIDAD CORPORATIVA
Nombre de entidad corporativa o nombre de jurisdicción como elemento de entrada Fundación para el Fomento de las Artes, Cultura, Actividades Físicas y Educación.
9 (RLIN) 87745
910 ## - DATOS DE OPCIÓN DEL USUARIO (OCLC)
Datos de opción del usuario YLockward
942 ## - ELEMENTOS DE PUNTO DE ACCESO ADICIONAL (KOHA)
Fuente del sistema de clasificación o colocación Dewey Decimal Classification
Tipo de ítem Koha Libro
Existencias
Estado de retiro Estado de pérdida Fuente del sistema de clasificación o colocación Restricciones de uso No para préstamo Código de colección Localización permanente Ubicación/localización actual Ubicación en estantería Fecha de adquisición Fuente de adquisición Total de préstamos Signatura topográfica completa Código de barras Fecha visto por última vez Precio válido a partir de Tipo de ítem Koha Número de copia
    Dewey Decimal Classification Excluido de préstamo   Patrimonio Dominicano Biblioteca Nacional Pedro Henríquez Ureña Biblioteca Nacional Pedro Henríquez Ureña En catalogación 30.01.2025 Depósito Legal   BNPHU PD xxxx M385 2025-1914 17.03.2025 17.03.2025 Libro  
    Dewey Decimal Classification Excluido de préstamo   Patrimonio Dominicano Biblioteca Nacional Pedro Henríquez Ureña Biblioteca Nacional Pedro Henríquez Ureña En catalogación 30.01.2025 Depósito Legal   BNPHU PD xxxx M385 2025-1916 17.03.2025 17.03.2025 Libro e.2
    Dewey Decimal Classification Préstamo en sala   Dominicana de Servicio Biblioteca Nacional Pedro Henríquez Ureña Biblioteca Nacional Pedro Henríquez Ureña En catalogación 30.01.2025 Depósito Legal   BNPHU DS xxx M385 2025-1918 17.03.2025 17.03.2025 Libro e.3

Con tecnología Koha